Sociálne siete a partnerstvá

Sociálna sieť ako sieť partnerstiev organizácií a inštitúcií verejného, súkromného a neziskového sektora. Pojmy sociálne siete, sociálny kapitál. Vzťah sociálneho kapitálu a ľudského kapitálu. Rozvinutý sociálny kapitál je predpokladom pre rozvoj sociálnych sietí. Význam partnerstiev pri vytváraní p...

Descrizione completa

Salvato in:
Dettagli Bibliografici
Autore principale: Divičanová, Marcela
Natura: Capitolo di libro
Lingua:slovacco
Soggetti:
Tags: Aggiungi Tag
Nessun Tag, puoi essere il primo ad aggiungerne!!

MARC

LEADER 00000naa$a2200000$$$4500
001 0056410
005 20221207085020.7
041 0 |a slo 
044 |a SK 
245 1 0 |a Sociálne siete a partnerstvá  |c Marcela Divičanová 
520 |a Sociálna sieť ako sieť partnerstiev organizácií a inštitúcií verejného, súkromného a neziskového sektora. Pojmy sociálne siete, sociálny kapitál. Vzťah sociálneho kapitálu a ľudského kapitálu. Rozvinutý sociálny kapitál je predpokladom pre rozvoj sociálnych sietí. Význam partnerstiev pri vytváraní pridanej hodnoty, pre miestny rozvoj. Stav sociálnych sietí a partnerstiev na Slovensku - výsledky výskumu v regióne Rimavská Sobota. 
610 2 0 |a kapitál ľudský 
610 2 0 |a kapitál sociálny 
610 2 0 |a partnerstvo sociálne 
610 2 0 |a partnerstvo verejno-súkromné 
610 2 0 |a sektor súkromný 
610 2 0 |a sektor verejný 
610 2 0 |a organizácie neziskové 
610 2 0 |a regióny 
100 1 |a Divičanová, Marcela